000 00272nam a2200109Ia 4500
001 1264700
005 20260417141946.0
008 260417s9999 xx 000 0 und d
020 _a9786051411798
245 0 _aSaklı Şiirler
_cAyşe Kulin
260 _bEverest Yayınları
999 _c1264700
_d1264700